Responses for show #335 - Friday, December 20, 1985

Contestants

Norma Walch, a housewife and part-time teacher from Del Rey Oaks, California

John Schroth, a sales manager from Upland, California

Ron Marriott, a student originally from Cupertino, California (whose 2-day cash winnings total $16,696)

Jeopardy! Round responses

SAILING
ILLINOIS
BOTTOMS UP
METALS
GREAT "SCOTT"
PARADES
    $100 24
yacht

Norma
    $100 7
O'Hare

Ron
    $100 6
beer

Ron
    $100 18
lead

Norma
    $100 1
George C. Scott

Norma
    $100 9
May Day

Ron
    $200 25
hatches

Ron
    $200 8
the world

Norma
    $200 16
Gallo Winery

John
    $200 19
while the iron is hot

Ron
    $200 2
Dred Scott

John
    $200 10
Thanksgiving

Ron
    $300 12
(Norma: Who is John Daly?)
(John: Who is William Daley?)

Richard Daley

JohnNorma
Triple Stumper
    $300 17
Al Capone

Ron
    $300 20
sodium

John
    $300 3
Randolph Scott

John
    $600 11
The Electric Parade at Disneyland

Ron
    $400 13
Adlai Stevenson

Norma
    $400 27
Listerine

Ron
    $400 21
(Ron: What is the dime?)

nickel

Ron
Triple Stumper
    $400 4
Scott Joplin

John
    $400 14
Philadelphia

John
    $500 26
(Ron: What are masts?)

sails

RonJohn
    $500 23
(Ron: What is Maine?)

New Hampshire

RonNorma
    $500 28
Smirnoff

John
    $500 22
calcium

Ron
    $500 5
Scott Carpenter

Ron
    $500 15
opening ceremonies of the Olympics

John

Scores at the first commercial break (after clue 11):

Ron John Norma
$1,600 $900 $300

Scores at the end of the Jeopardy! Round:

Ron John Norma
$1,800 $3,000 $1,100

Double Jeopardy! Round responses

BLACK AMERICA
SEPTEMBER
2-LETTER WORDS
FUNNY LADIES
ANATOMY
CONTAINERS
    $200 8
Gary Coleman

Norma
    $200 16
law

Ron
    $200 6
Up

Norma
    $200 1
Bette Midler

John
    $200 21
brandy snifter

John
    $400 12
(Ron: Who is Carole King?)

Dionne Warwick

RonNorma
    $400 17
United States

John
    $400 7
Bo

Ron
    $400 2
Martha Raye

Norma
    $400 22
cuspidor

Ron
    $600 13
(Norma: Who is Rafer Johnson?)

Lionel Richie

Norma
Triple Stumper
    $600 18
Mondale & Ferraro

Triple Stumper
    $600 9
on

Norma
    $600 3
Carol Burnett Show

Norma
    $600 23
magazine

Triple Stumper
    $800 14
Bryant Gumbel

Ron
    $800 19
(Ron: [*] )
(Alex: Phrasing.)

Yes, Virginia, there is a Santa Claus

Ron
    $900 10
we & us

Norma
    $800 4
Moms Mabley

John
    $800 24
sealed mayonnaise jar

John
    $1000 15
first black elected to U.S. Senate

Triple Stumper
    $1000 20
obey

John
    $1000 11
Io

Ron
    $1000 5
Sandra Bernhard

Triple Stumper
    $1000 25
vacuum bottle (thermoses)

John

Scores at the end of the Double Jeopardy! Round:

Ron John Norma
$5,000 $7,400 $3,800

[wagering suggestions for these scores]

Final Jeopardy! Round responses

ELECTIONS
NormaWho is Jimmy Carter
$100
RonWho was JFK?
$4,450
JohnWho was Jimmy Carter
$2,601
Jimmy Carter

Final scores:

Ron John Norma
$550 $10,001 $3,900
3rd place: Admiral refrigerator New champion: $10,001 2nd place: trip to Trinidad

Game dynamics:

Coryat scores:

Ron John Norma
$4,700 $7,400 $3,700
17 R
(including 1 DD),
4 W
16 R,
1 W
13 R
(including 2 DDs),
2 W

Combined Coryat: $15,800

The J! Archive is created by fans, for fans. The Jeopardy! game show and all elements thereof, including but not limited to copyright and trademark thereto, are the property of Jeopardy Productions, Inc. and are protected under law. This website is not affiliated with, sponsored by, or operated by Jeopardy Productions, Inc. Join the discussion at JBoard.tv.